Možnosti zefektívnenia hospodárskej činnosti podniku Reštaurácie v podmienkach nového mechanizmu záverečná práca postgraduálneho štúdia

Saved in:
Bibliographic Details
Main Author: Bucko, Marián
Corporate Author: Vysoká škola ekonomická v Bratislave
Other Authors: Abrhám, Miroslav
Format: Book
Language:Slovak
Published: Banská Bystrica 1989
Tags: Add Tag
No Tags, Be the first to tag this record!

MARC

LEADER 00000nam a2200000 4500
001 c036766
005 20221215070930.4
041 0 |a slo 
044 |a SK 
245 1 0 |a Možnosti zefektívnenia hospodárskej činnosti podniku Reštaurácie v podmienkach nového mechanizmu  |b záverečná práca postgraduálneho štúdia  |c Marián Bucko ; Ved. práce Miroslav Abrhám 
264 1 |a Banská Bystrica  |c 1989 
300 |a 44 s. 
100 1 |a Bucko, Marián 
700 1 |a Abrhám, Miroslav 
710 2 |a Vysoká škola ekonomická v Bratislave